OpenFinger: systém na daktyloskopickú autentifikáciu s GPU akceleráciou : dát. obhajoby 13.7.2020
Na minha lista:
| Autor principal: | |
|---|---|
| Outros Autores: | |
| Formato: | Manuscrito Livro |
| Idioma: | eslovaco |
| Publicado em: |
Bratislava :
STU v Bratislave FEI,
2019
|
| Assuntos: | |
| Acesso em linha: | http://is.stuba.sk/zp/portal_zp.pl?podrobnosti=130767 |
| Tags: |
Sem tags, seja o primeiro a adicionar uma tag!
|
MARC
| LEADER | 00000ntm a22000003a 4500 | ||
|---|---|---|---|
| 001 | stuzp35538 | ||
| 003 | SK-STU | ||
| 005 | 20230413104828.8 | ||
| 007 | ta | ||
| 008 | 150427s2015----xo-----f-mn---000-0-slo-d | ||
| 040 | |a STU |b slo | ||
| 041 | 0 | |a slo | |
| 044 | |a xo | ||
| 100 | 1 | |a Marák, Pavol |u 035000 |k Z8 |4 aut |U FEI Fakulta elektrotechniky a informatiky |T FEI Ústav informatiky a matematiky |X 50790 |U E050 |Y 816 |7 A000050790 | |
| 242 | 0 | 1 | |a OpenFinger: an open-source fingerprint recognition system using GPU acceleration |y eng |
| 245 | 1 | 0 | |a OpenFinger: systém na daktyloskopickú autentifikáciu s GPU akceleráciou : |b dát. obhajoby 13.7.2020 |
| 260 | |a Bratislava : |b STU v Bratislave FEI, |c 2019 | ||
| 300 | |a 156 s. | ||
| 650 | 4 | |a OpenFinger |2 slo | |
| 650 | 4 | |a daktyloskopia |2 slo | |
| 650 | 4 | |a biometria |2 slo | |
| 650 | 4 | |a konvolučná neurónová sieť |2 slo | |
| 650 | 4 | |a OpenFinger |2 eng | |
| 650 | 4 | |a fingerprints |2 eng | |
| 650 | 4 | |a biometrics |2 eng | |
| 650 | 4 | |a convolutional neural network |2 eng | |
| 700 | 1 | |a Grošek, Otokar |u 035000 |k Z1 |4 ths |U FEI Fakulta elektrotechniky a informatiky |T FEI Ústav informatiky a matematiky |X 1973 |U E050 |Y 816 |7 A000001973 | |
| 856 | 4 | |u http://is.stuba.sk/zp/portal_zp.pl?podrobnosti=130767 | |
| 996 | |b 284ED01644 |c E*ZP-507 |l EE01 |s A |a 24 |w stuzp35538_0001 | ||